000 00920cam a22002774a 4500
001 11761935
005 20180308032647.0
008 990728s2000 ctua b 001 0 eng
010 _a 99043104
020 _a0275968146 (pbk. : alk. paper)
020 _a0275968006 (hard : alk. paper)
035 _a(DLC) 99043104
040 _aDLC
_cDLC
_dDLC
041 _aeng
042 _apcc
043 _ae------
080 _a306.2094 SLO
082 0 0 _a306.2094 SLO
_221
100 1 _a20
101 _aPOL
245 1 0 _aEuropean politics into the twenty-first century :
_cHans Slomp.
504 _aIncludes bibliographical references and index.
906 _a7
_bcbc
_corignew
_d1
_eocip
_f19
_gy-gencatlg
942 _2ddc
_cBK
999 _c44362
_d44362